Sports Quiz

Random Sports or Letter Quiz

Words Within Team Names (NFC South Version) Quiz Stats

 Plays Quiz not verified by Sporcle

Challenge
Share
Tweet
Embed
Score 0/34 Timer 05:00
0 Plays Today
% Correct
AN (adj. used before words with a vowel sound)
96.6%
SAINT (venerated or canonized person)
96.6%
ER (used to express hesitation)
93.1%
AL (east Indian tree)
93.1%
NE (born as; originally called; variant of nee)
89.7%
ANE (one)
89.7%
CAN (is able; metal container)
89.7%
AI (a three-toed sloth)
89.7%
IN (not out)
89.7%
ERS (ervil/vetch/climbing plant)
86.2%
CANE (walking stick; raw sugar)
86.2%
AIN (16th Hebrew letter; variant of ayin)
86.2%
SAIN (to make the sign of the cross on)
86.2%
ON (atop; opposite of off)
86.2%
ONS (more than one specified light switch?)
86.2%
CON (anti; convict; scam)
86.2%
FALCON (predatory bird)
86.2%
% Correct
AN (adj. used before words with a vowel sound)
86.2%
NEE (born as; originally called)
82.8%
FA (4th note in diatonic scale)
82.8%
CONS (those against; convicts; scams)
82.8%
ER (used to express hesitation)
82.8%
ANT (small insect)
82.8%
PA (dad; father)
82.8%
PAN (metal container for cooking)
82.8%
THE (commonest English word?)
82.8%
PANTHER (large predatory cat of North America)
82.8%
ERS (ervil/vetch/climbing plant)
79.3%
HE (pronoun used to refer to a male)
79.3%
HER (pronoun used to refer to a female)
79.3%
PANT (short, quick breath)
79.3%
HERS (belonging to her)
79.3%
ANTHER (pollen-bearing part of the stamen)
72.4%
ANTHERS (pollen-bearing parts of the stamen)
72.4%

You're not logged in!

Compare scores with friends on all Sporcle quizzes.
OR
Log In

You Might Also Like...

Show Comments

Extras

Top Quizzes Today


Score Distribution

Your Account Isn't Verified!

In order to create a playlist on Sporcle, you need to verify the email address you used during registration. Go to your Sporcle Settings to finish the process.

Report this User

Report this user for behavior that violates our Community Guidelines.

Details: